How to Train Your Dragon Characters (Humans Only) - Sudden Death - Statistics

General Stats
  • This quiz has been taken 21 times
    8 since last reset
  • The average score is 14 of 16
Answers on the Grid
Answers color-coded by a green-red scale on the quiz's grid according to % correct below.
Hiccup
Grouchy Gums
Gobber
Slopsly
Ruffnut
Tuffnut
Quin
Wierdo
Stoick
Snotlout
Fishlegs
Sir smells a lot
Astrid
Spitelout
Mr. Marshy
Stumpy
Crackbones
Drago
Grimmel
Alvin
Gothi
Mrs. Marshy
Dagur
Viggo
Skinny Boy
Ralene
Ryker
Plankton
Gondri
Walder
 
Answer Stats
Answer % Correct
Astrid
100%
Dagur
100%
Hiccup
100%
Stoick
100%
Fishlegs
86%
Gobber
86%
Ruffnut
86%
Ryker
86%
Snotlout
86%
Spitelout
86%
Tuffnut
86%
Viggo
86%
Alvin
71%
Drago
71%
Gothi
71%
Grimmel
71%
No matching quizzes found
Score Distribution
Percent of People with Each Score
Percentile by Number Answered
Your Score History
You have not taken this quiz since the last reset